000 00819nam a22002295i 4500
001 178000
003 ES-MaACL
005 20250831014818.0
008 110512s1961 sp f |||| | spa d
080 _a94(73)(091)
100 1 _aEscher, Franklin.
_9146483
245 1 0 _aBreve historia de los Estados Unidos /
_cFranklin Escher, Jr ; [traducción española de Víctor Scholz].
260 _aBarcelona :
_bSayma,
_cD. L. 1961.
300 _a216, [8] p. de lám. bl. y n. ;
_c18 cm.
490 1 _aPanoramas A-Z. La universidad en su mano ;
_v5
500 _aÍndice.
651 4 _aEstados Unidos-
_xHistoria
_98540
700 1 _aScholz, Víctor.
_9104643
830 0 _aPanoramas A-Z. La universidad en su mano ;
_v5
_9190680
852 _aES-MaACL
_jE-15068
_xOlim P-269-bis
999 _c178000
_d178000